| 000 | 01337nam a2200301 a 4500 | ||
|---|---|---|---|
| 001 | 000021693 | ||
| 005 | 20240301125231.0 | ||
| 008 | 100910s2000 dr 000 0 spa d | ||
| 040 |
_aDO-SdBNP _bspa _cBNPHU |
||
| 082 |
_a972.9324 _bL864h |
||
| 100 | 1 |
_aLópez Reyes, Oscar _d1952- _911261 |
|
| 245 | 1 | 0 |
_aHistoria de la cultura de Barahona : _b(costumbres, arte y literatura) / _cOscar López Reyes ; prólogo Dagoberto Tejada Ortiz. |
| 260 |
_aSanto Domingo : _bComisión Presidencial de Apoyo al Desarrollo Providencial, _c2000. |
||
| 300 |
_a194 p. ; _c22 cm. |
||
| 490 | 1 |
_aProvincias ; _v13 |
|
| 500 | _aIncluye notas al pie de las páginas. | ||
| 504 | _aBibliografía : 191-194. | ||
| 586 | _aPremio en el Concurso Nacional sobre Historia y Desarrollo de las Provincias. | ||
| 651 | 4 |
_aBarahona (República Dominicana{Rpara} _xHistoria Local _9231 |
|
| 651 | 4 |
_aBarahona (República Dominicana{Rpara} _xCondiciones Económicas _938805 |
|
| 651 | 4 |
_aBarahona (República Dominicana{Rpara} _xVida Social Y Costumbres _9782 |
|
| 650 | 4 |
_aBarahona (república dominicana) _xVida intelectual _945124 |
|
| 650 | 4 |
_aCiudades y pueblos _zRepública Dominicana _9784 |
|
| 700 | 1 |
_aTejada Ortiz, Dagoberto, _d1940- _epról. _933526 |
|
| 830 | 0 |
_aProvincias ; _v13 _945125 |
|
| 910 | _aValidado. Control de calidad BNPHU | ||
| 049 | _aBNPD | ||
| 999 |
_c21192 _d21192 |
||